Caricamento...
Stress response syndromes
| Autore principale: | |
|---|---|
| Pubblicazione: |
London, Jasion Aronson
1992
|
| Edizione: | 2 |
| Soggetti: |
| LEADER | 004290000a22001450004500 | ||
|---|---|---|---|
| 020 | |a 0-87668-298-0 | ||
| 082 | |a 155.904 2 N2 | ||
| 100 | |a Horowitz, Mardi Jon | ||
| 245 | |a Stress response syndromes | ||
| 250 | |a 2 | ||
| 260 | |a London, Jasion Aronson | ||
| 260 | |c 1992 | ||
| 650 | |a Stress | ||
| 999 | |c 89028 |d 89028 | ||
| 952 | |0 0 |1 0 |4 0 |6 155_904000000000000_2_N2 |7 0 |9 81363 |a SBES |b SBES |d 2016-08-12 |l 0 |o 155.904 2 N2 |p SBES01597 |r 2016-08-12 |w 2016-08-12 | ||